000 00622pam a2200229 a 4500
020 _a0632014989 (pbk.)
040 _cDLC
082 0 0 _a591 BLA 1987 A081 Or.
100 1 _aKrebs, J. R.
245 1 3 _aAn introduction to behavioural ecology /
250 _a2nd ed.
260 _aBoston :
_bBlackwell Scientific Publications,
_c1987, c1981.
300 _aix, 389 p. :
_bill. ;
_c24 cm.
500 _aIncludes index.
650 0 _aBehavior evolution.
650 0 _aAnimal behavior.
650 0 _aHuman behavior.
650 0 _aAnimal ecology.
650 0 _aHuman ecology.
700 1 _aDavies, N. B.
942 _cEK
999 _c15863
_d15863